Structure of Probability theory with applications. (Record no. 629104)

MARC details
000 -LEADER
fixed length control field 00747nam a2200241Ia 4500
003 - CONTROL NUMBER IDENTIFIER
control field OSt
005 - DATE AND TIME OF LATEST TRANSACTION
control field 20220926014458.0
008 - FIXED-LENGTH DATA ELEMENTS--GENERAL INFORMATION
fixed length control field 220923b |||||||| |||| 00| 0 eng d
037 ## - SOURCE OF ACQUISITION
Terms of availability General Book
040 ## - CATALOGING SOURCE
Original cataloging agency RTL
Transcribing agency RTL
Language of cataloging eng
041 ## - LANGUAGE CODE
Source of code eng
Language code of text/sound track or separate title eng
100 ## - MAIN ENTRY--PERSONAL NAME
Personal name Thomasian Aram J
9 (RLIN) 320682
245 #0 - TITLE STATEMENT
Title Structure of Probability theory with applications.
260 ## - PUBLICATION, DISTRIBUTION, ETC.
Place of publication, distribution, etc. New York
Name of publisher, distributor, etc. McGraw-Hill
Date of publication, distribution, etc. 1969
300 ## - PHYSICAL DESCRIPTION
Extent xvii,746p.
Dimensions cm.
490 ## - SERIES STATEMENT
Series statement McGraw-Hill Series in Probability and Statistics. ed by David Blackwell and Herbert Solomon
500 ## - GENERAL NOTE
General note Appendixes P 629-425
942 ## - ADDED ENTRY ELEMENTS (KOHA)
Classification part B281, K9
Koha item type General Books
Source of classification or shelving scheme Colon Classification (CC)
Holdings
Withdrawn status Lost status Damaged status Not for loan Home library Current library Date acquired Total Checkouts Full call number Barcode Date last seen Price effective from Koha item type
        Ratan Tata Library Ratan Tata Library 2022-09-26   B281 K9 RT0067917 2022-09-26 2022-09-26 General Books
Copyright @ Delhi University Library System